| 000 | 00717nam a2200217Ia 4500 | ||
|---|---|---|---|
| 003 | GCL | ||
| 008 | 140319s9999 xx 000 0 ara d | ||
| 040 |
_aGCL / _cGCL |
||
| 082 | 0 | 4 |
_a327.11 _bل ط |
| 100 | 1 | _aلطفى الخولى | |
| 245 | 1 | 0 |
_aالمأزق العربى / _cلطفى الخولى |
| 700 | 1 | _aمركز الدراسات السياسية والاستراتيجية | |
| 260 |
_a[S.N] : _bمركز الدراسات السياسية والاستراتيجية - الأهرام ، _c1986 |
||
| 300 | _a608 ص | ||
| 490 | _a | ||
| 650 | 0 | 4 | _aالعالم العربى |
| 650 | 0 | 4 | _aالاحوال السياسية |
| 650 | 0 | 4 | _aالقومية |
| 650 | 0 | 4 | _aالاقليمية |
| 942 |
_2ddc _cBK |
||
| 999 |
_c32602 _d32602 |
||